Detalles MARC
| 000 -CABECERA |
| Longitud fija campo de control |
01756nam a2200397 c 4500 |
| 001 - NÚMERO DE CONTROL |
| Número de control |
23728 |
| 003 - IDENTIFICADOR DE NÚMERO DE CONTROL |
| Identificador del número de control |
ES-MaCES |
| 005 - FECHA Y HORA DE LA ÚLTIMA TRANSACCIÓN |
| Fecha y hora de la última transacción |
20150929135730.0 |
| 008 - CAMPO FIJO DE DESCRIPCIÓN FIJA--INFORMACIÓN GENERAL |
| Códigos de información de longitud fija |
110425s2011 sp l o000 | spa d |
| 017 ## - NÚMERO DE REGISTRO DE DERECHOS DE AUTOR Y DEPÓSITO LEGAL |
| Número de copyright o de depósito legal |
BI 700-2011 |
| Agencia que asigna el número |
DL |
| 035 ## - NÚMERO DE CONTROL DEL SISTEMA |
| Número de control del sistema |
CES20110003317m |
| 040 ## - FUENTE DE CATALOGACIÓN |
| Centro catalogador de origen |
ES-MaCES |
| Lengua de catalogación |
spa |
| Centro transcriptor |
ES-MaCES |
| 041 0# - CÓDIGO DE IDIOMA |
| Código de lengua del texto;banda sonora o título independiente |
spa |
| -- |
baq |
| 110 2# - ENCABEZAMIENTO PRINCIPAL--NOMBRE CORPORATIVO |
| Nombre de entidad corporativa o nombre de jurisdicción como elemento inicial |
Consejo Económico y Social Vasco |
| 9 (RLIN) |
2447 |
| 245 10 - MENCIÓN DE TÍTULO |
| Título |
Dictamen 3-11 sobre el Proyecto de Decreto del procedimiento de acceso al servicio público integral de mediación familiar de la Comunidad Autónoma de Euskadi |
| Resto del título |
: Bilbao, 9 de marzo de 2011 |
| Mención de responsabilidad, etc. |
Consejo Económico y Social Vasco = Irizpena 3-11 Euskal Autonomia erkidegoko familia bitartekotzaren zerbitzu publiko integralerako sarbide prozeduraren Dekretu Proiektuari Buruzkoa, Bilbon, 2011ko martxoak 9 / Euskadiko Ekonomia eta Gizarte Arazoetarako Batzordea |
| 260 ## - PUBLICACIÓN, DISTRIBUCIÓN, ETC (PIE DE IMPRENTA) |
| Lugar de publicación, distribución, etc. |
Bilbao = Bilbon |
| Nombre del editor, distribuidor, etc. |
CES |
| Fecha de publicación, distribución, etc. |
[2011] |
| 300 ## - DESCRIPCIÓN FÍSICA |
| Extensión |
8 p. dup. |
| Dimensiones |
24 cm |
| 500 ## - NOTA GENERAL |
| Nota general |
Tít. tomado de ports. paralelas |
| 500 ## - NOTA GENERAL |
| Nota general |
Texto en castellano y euskera |
| 541 ## - NOTA DE LA FUENTE INMEDIANTE DE ADQUISICIÓN |
| Forma de adquisición |
Gratuito |
| 650 #4 - ASIENTO SECUNDARIO DE MATERIA--TÉRMINO DE MATERIA |
| Término de materia o nombre geográfico como elemento inicial |
familia |
| 9 (RLIN) |
27318 |
| 650 #4 - ASIENTO SECUNDARIO DE MATERIA--TÉRMINO DE MATERIA |
| Término de materia o nombre geográfico como elemento inicial |
conflicto |
| 9 (RLIN) |
27304 |
| 650 #4 - ASIENTO SECUNDARIO DE MATERIA--TÉRMINO DE MATERIA |
| Término de materia o nombre geográfico como elemento inicial |
arreglo de conflicto |
| 9 (RLIN) |
27305 |
| 650 #4 - ASIENTO SECUNDARIO DE MATERIA--TÉRMINO DE MATERIA |
| Término de materia o nombre geográfico como elemento inicial |
mediación |
| 9 (RLIN) |
29897 |
| 650 #4 - ASIENTO SECUNDARIO DE MATERIA--TÉRMINO DE MATERIA |
| Término de materia o nombre geográfico como elemento inicial |
política familiar |
| 9 (RLIN) |
30329 |
| 650 #4 - ASIENTO SECUNDARIO DE MATERIA--TÉRMINO DE MATERIA |
| Término de materia o nombre geográfico como elemento inicial |
procedimiento administrativo |
| 9 (RLIN) |
30919 |
| 650 #4 - ASIENTO SECUNDARIO DE MATERIA--TÉRMINO DE MATERIA |
| Término de materia o nombre geográfico como elemento inicial |
País Vasco |
| 9 (RLIN) |
30799 |
| 650 #4 - ASIENTO SECUNDARIO DE MATERIA--TÉRMINO DE MATERIA |
| Término de materia o nombre geográfico como elemento inicial |
régimen jurídico |
| 9 (RLIN) |
29894 |
| 650 #4 - ASIENTO SECUNDARIO DE MATERIA--TÉRMINO DE MATERIA |
| Término de materia o nombre geográfico como elemento inicial |
dictamen |
| 9 (RLIN) |
30802 |
| 653 10 - TÉRMINO DE INDEXACIÓN--NO CONTROLADO |
| Término no controlado |
Asuntos Sociales |
| 650 #4 - ASIENTO SECUNDARIO DE MATERIA--TÉRMINO DE MATERIA |
| 9 (RLIN) |
27056 |
| Término de materia o nombre geográfico como elemento inicial |
servicios sociales |
| 740 02 - ENCABEZAMIENTO SECUNDARIO--TÍTULO ANALÍTICO/RELACIONADO NO CONTROLADO |
| Título relacionado o analítico no controlado |
Irizpena 3-11 Euskal Autonomia erkidegoko familia bitartekotzaren zerbitzu publiko integralerako sarbide prozeduraren Dekretu Proiektuari buruzkoa, Bilbon 2011ko martxoak 9 |
| 902 ## - CES. TIPO DE DOCUMENTO |
| Tipodoc (006$c Sirtex) |
LIB Libro |
| 942 ## - ELEMENTOS KOHA |
| Fuente de clasificaión o esquema |
Clasificación propia del CES |
| Koha [por defecto] tipo de item |
Monografías |
| Parte de clasificación |
3.3. |